[Event "Reykjavik Open 2024"]
[Site "Reykjavik ISL"]
[Date "2024.03.16"]
[Round "3.154"]
[White "Andersen, Lars Christoff"]
[Black "Kaergaard, Sissel"]
[Result "1/2-1/2"]
[WhiteElo "1993"]
[BlackElo "1795"]
[WhiteFideId "1412760"]
[BlackFideId "1434195"]
[EventDate "2024.03.15"]

1. Nf3 d5 2. c4 c6 3. cxd5 cxd5 4. d4 Nc6 5. Nc3 Nf6 6. Bf4 a6 7. Rc1 e6 8. e3
Bb4 9. Bd3 O-O 10. O-O Bxc3 11. Rxc3 h6 12. a3 Nh5 13. Bg3 Nxg3 14. hxg3 Qd6 15.
Bb1 1/2-1/2

[Event "Reykjavik Open 2024"]
[Site "Reykjavik ISL"]
[Date "2024.03.16"]
[Round "3.155"]
[White "Held, Jesper"]
[Black "Schroer, Marcel"]
[Result "0-1"]
[WhiteElo "1793"]
[BlackElo "2073"]
[WhiteFideId "1092146"]
[BlackFideId "1012908"]
[EventDate "2024.03.15"]

1. Nf3 d5 2. d4 Nf6 3. c4 c6 4. Nc3 dxc4 5. e3 b5 6. a4 b4 7. Ne2 a5 8. Nf4 Ba6
9. Ne5 e6 10. Qf3 Qc7 11. Nxc4 Be7 12. b3 O-O 13. g4 Nbd7 14. Bb2 c5 15. Bg2
cxd4 16. exd4 Ra7 17. Rc1 Bb7 18. Qg3 Bxg2 19. Nxg2 Qxg3 20. hxg3 Nxg4 21. Rh5
Bd8 22. Nd6 Ngf6 23. Rb5 Nd5 24. Ne3 Nxe3 25. fxe3 Bc7 26. Ne4 f5 27. Ng5 Bxg3+
28. Ke2 Re8 29. Rc6 Nf8 30. Rbb6 Bc7 31. Ra6 Rxa6 32. Rxa6 h6 33. Nf3 Nd7 34.
Ra7 Rc8 35. Nd2 h5 36. Nf3 Nf6 37. Ra6 Bg3 38. Kd3 h4 39. Ng5 Ne4 40. Nf3 h3 41.
Rxe6 Ng5 42. Rg6 Nxf3 43. Rxg3 h2 44. Rh3 Rc6 0-1

[Event "Reykjavik Open 2024"]
[Site "Reykjavik ISL"]
[Date "2024.03.16"]
[Round "3.156"]
[White "Hauksson, Helgi"]
[Black "Gudmundsson, Gunnar Erik"]
[Result "0-1"]
[WhiteElo "1790"]
[BlackElo "2009"]
[WhiteFideId "2305593"]
[BlackFideId "2314339"]
[EventDate "2024.03.15"]

1. e4 c5 2. Nf3 Nc6 3. d4 cxd4 4. Nxd4 Nf6 5. Nc3 e5 6. Ndb5 d6 7. Bg5 a6 8. Na3
b5 9. Nd5 Be7 10. Bxf6 Bxf6 11. c3 O-O 12. Be2 Bg5 13. O-O Rb8 14. Nc2 Kh8 15.
a4 bxa4 16. Rxa4 Rxb2 17. Bxa6 Bd7 18. Ra3 Be6 19. Nce3 Bxe3 20. Nxe3 Ne7 21.
Bc4 Qc7 22. Bd5 Rd8 23. c4 Nc6 24. Qa1 Rdb8 25. h3 h6 26. Ra8 Rb6 27. Kh2 Kh7
28. Rxb8 Qxb8 29. Qd1 Qd8 30. f4 exf4 31. Rxf4 Ne5 32. Qe2 Qg5 33. Rf2 Qe7 34.
Nf5 Qf6 35. g3 Ng6 36. Kg2 Rb1 37. Ne3 Qa1 38. Nf1 Ne5 39. Kh2 Re1 40. Rxf7
Rxe2+ 0-1

[Event "Reykjavik Open 2024"]
[Site "Reykjavik ISL"]
[Date "2024.03.16"]
[Round "3.157"]
[White "Doran, Chris"]
[Black "Gudnyjarson, Sigurdur Pall"]
[Result "1-0"]
[WhiteElo "1947"]
[BlackElo "1789"]
[WhiteFideId "503835"]
[BlackFideId "2321637"]
[EventDate "2024.03.15"]

1. e4 c6 2. d4 d5 3. e5 Bf5 4. h4 h5 5. c4 e6 6. Nc3 dxc4 7. Bxc4 Nd7 8. Nge2
Be7 9. Ng3 Bg6 10. Be2 Nb6 11. Bxh5 Bxh5 12. Nxh5 g6 13. Ng3 Rxh4 14. Rxh4 Bxh4
15. Nge4 Be7 16. Qg4 Qd7 17. Bg5 O-O-O 18. Nd6+ Kc7 19. Nce4 f5 20. exf6 Bxd6
21. Nxd6 Qh7 22. f7 Kxd6 23. Qf4+ Kd7 24. Bxd8 Qh1+ 25. Kd2 Nc4+ 26. Kc3 1-0

[Event "Reykjavik Open 2024"]
[Site "Reykjavik ISL"]
[Date "2024.03.16"]
[Round "3.158"]
[White "De Winter, Eric"]
[Black "Skaslien, Ingrid"]
[Result "0-1"]
[WhiteElo "1782"]
[BlackElo "1996"]
[WhiteFideId "1033069"]
[BlackFideId "1520660"]
[EventDate "2024.03.15"]

1. c4 Nf6 2. Nc3 g6 3. g3 Bg7 4. Bg2 d6 5. d4 O-O 6. Nf3 Nc6 7. O-O a6 8. h3 Rb8
9. e4 b5 10. cxb5 axb5 11. a3 Nd7 12. Be3 Na5 13. b3 c6 14. Rc1 b4 15. axb4 Rxb4
16. Rb1 Ba6 17. Na2 Rb7 18. Re1 Qb8 19. Nc1 Bc4 20. Nd2 Be6 21. f4 Nf6 22. g4
Nc4 23. Nxc4 Bxc4 24. Bf2 e5 25. Qc2 Bb5 26. dxe5 dxe5 27. f5 Rd8 28. Bf1 Rbd7
29. Be3 Bxf1 30. Kxf1 Qb4 31. Bc5 Qb7 32. b4 Rd2 33. Qc4 gxf5 34. exf5 e4 35.
Rb3 Qc7 36. Ne2 R2d3 37. Bg1 Bh6 38. Kg2 Nd5 39. Bh2 Ne3+ 40. Kg1 Qxh2+ 0-1

[Event "Reykjavik Open 2024"]
[Site "Reykjavik ISL"]
[Date "2024.03.16"]
[Round "3.159"]
[White "Wedenberg, Oliver"]
[Black "Joel Paul Ganta"]
[Result "1-0"]
[BlackTitle "CM"]
[WhiteElo "1780"]
[BlackElo "1993"]
[WhiteFideId "1767909"]
[BlackFideId "35066145"]
[EventDate "2024.03.15"]

1. e4 c5 2. a3 Nc6 3. b4 cxb4 4. axb4 Nxb4 5. c3 Nc6 6. d4 d5 7. exd5 Qxd5 8.
Na3 Bf5 9. Nb5 Rc8 10. Nxa7 Nxa7 11. Rxa7 e5 12. Nf3 exd4 13. Qxd4 Qxd4 14. Nxd4
Bc5 15. Bb5+ Bd7 16. Bxd7+ Kxd7 17. Rxb7+ Rc7 18. Rxc7+ Kxc7 19. Be3 Ne7 20.
Ne6+ fxe6 21. Bxc5 Nd5 22. Kd2 Ra8 23. Re1 Nf4 24. Kc2 Kc6 25. Bd4 Kd5 26. Re5+
Kd6 27. g3 Ng6 28. Rb5 Ne7 29. Rb6+ Kd7 30. Bxg7 Nf5 31. Be5 h5 32. Rb2 Ra5 33.
Bf4 e5 34. Bg5 Nd6 35. Kd1 Ne4 36. Be3 Nxc3+ 37. Kd2 Ne4+ 38. Ke2 Nf6 39. Rb8
Ra2+ 40. Kf3 Ra5 41. Rh8 e4+ 42. Kg2 Ng4 43. Rh7+ Kc6 44. Bf4 Ra2 45. Rc7+ Kd5
46. Rd7+ Ke6 47. Rd4 Rc2 48. Rxe4+ Kf6 49. Re8 Nxf2 50. Kf3 Nd3 51. Re2 Rc4 52.
Be3 h4 53. Kg2 Ne5 54. Bg5+ Kf5 55. Bxh4 Rc1 56. Rd2 Ke4 57. Re2+ Kf5 58. Rd2
Ke4 59. Bg5 Re1 60. Rd8 Kf5 61. Re8 Rb1 62. Bf4 Nd3 63. Kf3 Ne1+ 64. Kf2 Nc2 65.
Be3 Na3 66. h4 Nc4 67. Kf3 Ne5+ 68. Kg2 Nd3 69. Kf3 Ne1+ 70. Kf2 Nd3+ 71. Ke2
Ne1 72. g4+ Kf6 73. h5 Ng2 74. Kf2 Ne1 75. Bf4 1-0

[Event "Reykjavik Open 2024"]
[Site "Reykjavik ISL"]
[Date "2024.03.16"]
[Round "3.160"]
[White "Mistilioglou, Athanasios"]
[Black "Manukonda, Arun"]
[Result "1-0"]
[WhiteElo "1772"]
[BlackElo "1974"]
[WhiteFideId "25855344"]
[BlackFideId "5080789"]
[EventDate "2024.03.15"]

1. c4 e5 2. Nc3 Bb4 3. Qc2 Bxc3 4. bxc3 d6 5. d4 Nc6 6. e3 Nge7 7. Bd3 f5 8. Ba3
O-O 9. g4 e4 10. Be2 fxg4 11. h3 g3 12. fxg3 Nf5 13. Qxe4 Re8 14. Qd5+ Kh8 15.
O-O-O Nxe3 16. Qh5 g6 17. Qh6 Nxd1 18. Kxd1 Qe7 19. Bc1 Qg7 20. Qh4 Bf5 21. Bh6
Qf7 22. g4 Bb1 23. Rh2 Rf8 24. Nf3 Bd3 25. Ng5 Bxe2+ 26. Rxe2 Qf1+ 27. Kd2 Rf7
28. Nxf7+ Qxf7 29. Rf2 Qe7 30. Rf6 Re8 31. Qf2 Kg8 32. h4 Nb8 33. h5 Nd7 34. Rf3
Nb6 35. Qf1 g5 36. Rf5 Qe3+ 37. Kd1 Nd7 38. Rxg5+ Kh8 39. Rg8+ Kxg8 40. Bxe3
Rxe3 41. Qf5 Re7 42. g5 Rf7 43. Qd5 Nf8 44. Qxb7 Kg7 45. Qxa7 Ne6 46. Qa5 c5 47.
g6 hxg6 48. hxg6 Kxg6 49. Qb6 cxd4 50. cxd4 Rf4 51. d5 Nd4 52. Qxd6+ Kf5 53. Qe7
Re4 54. d6 Ne6 55. Qh7+ Ke5 56. d7 Rd4+ 57. Kc1 Rxc4+ 58. Kb2 Rd4 59. Kc3 Rd6
60. Qh5+ Kf6 61. Qe8 Ke5 62. Qe7 Kd5 63. Qf7 Ke5 64. a4 Rd5 65. Qe7 Rd6 66. Kb4
Kd5 67. a5 Ke5 68. Kb5 Rd5+ 69. Kb6 Rd6+ 70. Kb5 Rd5+ 71. Kb4 Rd6 72. a6 Rb6+
73. Kc4 Rd6 74. a7 1-0

[Event "Reykjavik Open 2024"]
[Site "Reykjavik ISL"]
[Date "2024.03.16"]
[Round "3.162"]
[White "Saemundsson, Thor"]
[Black "Vega, Isaac"]
[Result "1/2-1/2"]
[WhiteElo "1626"]
[BlackElo "1818"]
[WhiteFideId "2407493"]
[BlackFideId "30914035"]
[EventDate "2024.03.15"]

1. d4 Nf6 2. Nf3 e6 3. e3 d5 4. Bd3 Nbd7 5. Nbd2 b6 6. b3 Bb7 7. Bb2 Bd6 8. Ne5
O-O 9. O-O Rc8 10. f4 c5 11. Rf3 c4 12. bxc4 dxc4 13. Ndxc4 Bxf3 14. Qxf3 Bb8
15. Ba3 Nxe5 16. fxe5 Re8 17. exf6 gxf6 18. Bxh7+ Kxh7 19. Qh5+ Kg7 20. Qg4+ Kh7
21. Qh5+ Kg7 22. Qg4+ Kh6 23. Qh4+ Kg7 24. Qg4+ 1/2-1/2

[Event "Reykjavik Open 2024"]
[Site "Reykjavik ISL"]
[Date "2024.03.16"]
[Round "3.163"]
[White "Hasini, Kamabathula"]
[Black "Zarriess, Benjamin"]
[Result "0-1"]
[WhiteElo "1612"]
[BlackElo "1798"]
[WhiteFideId "25712837"]
[BlackFideId "34606645"]
[EventDate "2024.03.15"]

1. e4 e5 2. Nf3 Nc6 3. Bc4 Nf6 4. d3 h6 5. Nc3 d6 6. h3 g6 7. Be3 Bg7 8. Qd2 Bd7
9. Bb3 Na5 10. Ne2 Nxb3 11. axb3 a6 12. Ng3 Qe7 13. c4 g5 14. Qb4 O-O-O 15. Ba7
Be6 16. O-O-O b6 17. Nxe5 Qe8 18. Nf3 Kb7 19. Bxb6 cxb6 20. Nd4 Qd7 21. Kc2 Ne8
22. Nxe6 fxe6 23. Ra1 Nc7 24. Rhd1 Bd4 25. f3 Ra8 26. Ne2 e5 27. Ng3 a5 28. Qd2
Na6 29. Nf5 Nb4+ 30. Kb1 Nc6 31. Kc2 Bc5 32. Rh1 Nd4+ 33. Nxd4 Bxd4 34. Qe2 Qf7
35. g3 Qg6 36. g4 h5 37. Raf1 Raf8 38. Rh2 Rf4 39. Qg2 hxg4 40. hxg4 Rff8 41.
Rfh1 Qg7 42. Rh3 Be3 43. R1h2 Bf4 44. Rh1 Kc6 45. Kc3 Rxh3 46. Qxh3 Qf6 47. Qh6
Be3 48. Qxf6 Rxf6 49. Rh3 Rf7 50. Kc2 Kc5 51. Kc3 Bd4+ 52. Kc2 Kb4 0-1

[Event "Reykjavik Open 2024"]
[Site "Reykjavik ISL"]
[Date "2024.03.16"]
[Round "3.164"]
[White "Von Kistowski, Fynn"]
[Black "Wollkind, Steven"]
[Result "1-0"]
[WhiteElo "1746"]
[BlackElo "1607"]
[WhiteFideId "1353888"]
[BlackFideId "39917070"]
[EventDate "2024.03.15"]

1. e4 c6 2. Nc3 d5 3. Nf3 dxe4 4. Nxe4 Nf6 5. Qe2 Nxe4 6. Qxe4 Nd7 7. Bc4 e6 8.
d4 Nf6 9. Qe2 b5 10. Bb3 Qc7 11. Bg5 Be7 12. c3 O-O 13. Ne5 Bb7 14. O-O Nd5 15.
Bxe7 Qxe7 16. Nd3 Rac8 17. Nc5 Ba8 18. Rfe1 Qd6 19. g3 Rfe8 20. f4 Nf6 21. Bc2
Nd7 22. b4 Nf6 23. Qf3 Nd5 24. Re2 Nxb4 25. Ne4 Qd8 26. Rae1 c5 27. cxb4 f5 28.
dxc5 Qd4+ 29. Qf2 Qd5 30. Rd2 Qb7 31. Rd6 fxe4 32. Bxe4 Qf7 33. Bxa8 Rxa8 34.
Qd4 e5 35. Rxe5 Rxe5 36. Qxe5 Re8 37. Qd5 Qxd5 38. Rxd5 Re4 39. a3 Kf7 40. Rd7+
Re7 41. Rxe7+ Kxe7 42. Kf2 Ke6 43. Ke3 Kd5 44. h4 1-0

[Event "Reykjavik Open 2024"]
[Site "Reykjavik ISL"]
[Date "2024.03.16"]
[Round "3.165"]
[White "Rajendran, Milan"]
[Black "Magnussen, Petur Gardar"]
[Result "0-1"]
[WhiteElo "1551"]
[BlackElo "1727"]
[WhiteFideId "39916448"]
[BlackFideId "7203802"]
[EventDate "2024.03.15"]

1. d4 d5 2. Bf4 Nf6 3. Nf3 c5 4. c3 Nc6 5. e3 Qb6 6. Qc2 g6 7. Bd3 c4 8. Be2 Bf5
9. Qc1 Bg7 10. Nbd2 O-O 11. O-O h6 12. h3 g5 13. Bh2 Qd8 14. Ne5 Nxe5 15. Bxe5
Nd7 16. Bxg7 Kxg7 17. Nf3 Qc7 18. Bd1 Bd3 19. Re1 e5 20. dxe5 Nxe5 21. Nxe5 Qxe5
22. Bc2 Bxc2 23. Qxc2 b5 24. e4 Rfe8 25. f3 Rad8 26. Rad1 d4 27. cxd4 Rxd4 28.
Rxd4 Qxd4+ 29. Qf2 Rd8 30. Qxd4+ Rxd4 31. Kf2 Kf6 32. Ke2 Ke5 33. Rd1 Rxd1 34.
Kxd1 Kf4 35. Ke2 Kg3 36. Kf1 b4 37. e5 c3 38. bxc3 bxc3 39. Ke2 Kxg2 40. Kd3
Kxh3 41. Kxc3 Kg3 42. Kd4 h5 43. Kd5 h4 44. Kd6 h3 45. Ke7 h2 46. Kxf7 h1=Q 47.
e6 Kxf3 48. e7 Qe1 49. e8=Q Qxe8+ 50. Kxe8 g4 51. Kd7 g3 52. Kc7 g2 53. Kb7 g1=Q
54. a4 Qb6+ 55. Ka8 Qa5 56. Kb7 Qxa4 57. Ka8 Qb5 58. Kxa7 Ke4 59. Ka8 Kd5 60.
Ka7 Kc6 61. Ka8 Qb7# 0-1

[Event "Reykjavik Open 2024"]
[Site "Reykjavik ISL"]
[Date "2024.03.16"]
[Round "3.167"]
[White "Jonsson, Tristan Fannar"]
[Black "Salzmann, Jan"]
[Result "0-1"]
[WhiteElo "1540"]
[BlackElo "1722"]
[WhiteFideId "2321947"]
[BlackFideId "24693634"]
[EventDate "2024.03.15"]

1. e4 e5 2. Nf3 Nc6 3. d4 exd4 4. Bc4 Be7 5. c3 Na5 6. Qxd4 Nxc4 7. Qxc4 d6 8.
Be3 Be6 9. Qb5+ Bd7 10. Qxb7 Rb8 11. Qxa7 Rxb2 12. Qd4 Nf6 13. Nbd2 c5 14. Qd3
O-O 15. Nb3 Qa8 16. Nc1 Qxe4 17. Qxe4 Nxe4 18. Bd2 Ra8 19. a3 Bf6 20. Ra2 Rxa2
21. Nxa2 Rxa3 22. Nc1 Nxd2 23. Kxd2 Bxc3+ 24. Kc2 Bf5+ 25. Kd1 Bg4 26. Kc2 Bxf3
27. gxf3 Be5 28. Re1 Rxf3 29. Re2 g6 30. h4 h5 31. Nd3 Bf6 32. Re4 Bd4 33. Re8+
Kg7 34. Rd8 Bxf2 35. Rxd6 Bd4 36. Rc6 Rh3 37. Nxc5 Bxc5 38. Rxc5 Rxh4 39. Kd2
Re4 40. Rc3 Re6 41. Re3 Rxe3 42. Kxe3 Kf6 43. Kf4 g5+ 44. Kg3 Kf5 45. Kh3 h4 46.
Kh2 Kg4 47. Kg2 Kf4 48. Kf2 f5 49. Kg2 Ke3 50. Kh2 Ke2 51. Kh1 h3 52. Kh2 f4 53.
Kg1 f3 54. Kh2 f2 55. Kxh3 f1=Q+ 56. Kg4 Qf4+ 57. Kh5 g4 58. Kg6 Ke3 59. Kg7 Ke4
60. Kg6 Ke5 61. Kg7 Qf6+ 62. Kg8 Qe7 63. Kh8 Kf6 64. Kg8 Qg7# 0-1

[Event "Reykjavik Open 2024"]
[Site "Reykjavik ISL"]
[Date "2024.03.16"]
[Round "3.169"]
[White "Leosson, Haukur Vidis"]
[Black "Olsen, Rogvi Heinason"]
[Result "0-1"]
[WhiteElo "1535"]
[BlackElo "1710"]
[WhiteFideId "2325780"]
[BlackFideId "7204213"]
[EventDate "2024.03.15"]

1. d4 Nf6 2. c4 g6 3. Nc3 Bg7 4. Nf3 d6 5. Bg5 O-O 6. e3 c5 7. Be2 h6 8. Bxf6
Bxf6 9. O-O Nc6 10. Qd2 Qa5 11. Rfd1 Bg4 12. h3 Bxf3 13. Bxf3 cxd4 14. exd4 Bg7
15. Bxc6 bxc6 16. a3 Qc7 17. Re1 Rab8 18. Rab1 Rb3 19. Re3 Rfb8 20. Ne2 c5 21.
Rxb3 Rxb3 22. Nc1 Rb8 23. d5 e6 24. dxe6 fxe6 25. Qc2 g5 26. Ne2 Qf7 27. Ng3 Rf8
28. Rf1 Be5 29. Ne4 Qf4 30. Ng3 Qf7 31. Ne4 Qf4 32. Ng3 Qf7 33. Ne4 Qf5 34. Qe2
Rb8 35. Rd1 Rxb2 36. Nxd6 Rxe2 37. Nxf5 exf5 38. Kf1 Re4 39. Rd8+ Kf7 40. Rd7+
Ke6 41. Rxa7 Rxc4 42. f3 h5 43. Ra8 Rc2 44. Re8+ Kd6 45. Rg8 Bf4 46. Rg6+ Kd5
47. Rg8 Ra2 48. Rd8+ Kc4 49. Rf8 Rxa3 50. Rxf5 Ra2 51. Rf8 Kc3 52. Rc8 c4 53.
Rc6 Kd3 0-1

[Event "Reykjavik Open 2024"]
[Site "Reykjavik ISL"]
[Date "2024.03.16"]
[Round "3.177"]
[White "Yazgi, Huseyin Yigit"]
[Black "Masson, Hrannar Mar"]
[Result "1-0"]
[WhiteElo "1905"]
[BlackElo "1520"]
[WhiteFideId "6307060"]
[BlackFideId "2325250"]
[EventDate "2024.03.15"]

1. e4 e5 2. Nf3 Nc6 3. Bc4 Bc5 4. O-O h6 5. d3 Nf6 6. Re1 d6 7. c3 Be6 8. Bb3
Bg4 9. Nbd2 O-O 10. h3 Bh5 11. Nf1 d5 12. exd5 Nxd5 13. g4 Bg6 14. Nxe5 Nxe5 15.
Rxe5 c6 16. Bxd5 cxd5 17. Qf3 Bd6 18. Rxd5 Re8 19. Bf4 Re6 20. Rxd6 Rxd6 21.
Bxd6 Qxd6 22. d4 Rb8 23. Qg3 Qxg3+ 24. Nxg3 Re8 25. Rd1 f6 26. d5 Bf7 27. c4 Rd8
28. Nf5 Be6 29. Nd4 Bf7 30. Re1 Kf8 31. Ne6+ Bxe6 32. dxe6 Re8 33. f4 Ke7 34. f5
Kd6 35. b4 Kc6 36. a4 b6 37. Rd1 Re7 38. Kf2 a5 39. bxa5 bxa5 40. Rd5 Ra7 41.
Ke3 Kb6 42. Rd7 Rc7 43. Kd4 Kc6 44. c5 Kb7 45. h4 Kc8 46. Kd5 Kb7 47. Kd6 1-0

[Event "Reykjavik Open 2024"]
[Site "Reykjavik ISL"]
[Date "2024.03.16"]
[Round "3.178"]
[White "Ernisson, Petur Ulfar"]
[Black "Stuhr, Finn"]
[Result "0-1"]
[WhiteElo "1450"]
[BlackElo "1814"]
[WhiteFideId "2326116"]
[BlackFideId "1400789"]
[EventDate "2024.03.15"]

1. e4 e5 2. Nf3 Nc6 3. Bc4 Nf6 4. Ng5 d5 5. exd5 Na5 6. Bb3 Nxb3 7. axb3 Nxd5 8.
Nf3 Bd6 9. O-O Bg4 10. Re1 O-O 11. d3 h6 12. Ra4 Bd7 13. Ra1 Re8 14. Na3 Nb6 15.
Bd2 Bc6 16. Bc3 Qf6 17. Nc4 Bxf3 18. Qxf3 Qxf3 19. gxf3 Nxc4 20. bxc4 f6 21. Re2
Re6 22. f4 c5 23. fxe5 Bxe5 24. f4 Bd4+ 25. Kf1 Rxe2 26. Kxe2 Bxc3 27. bxc3 a5
28. d4 b6 29. d5 Kf7 30. Kf3 f5 31. Re1 a4 32. Ke2 Re8+ 33. Kd2 Rxe1 34. Kxe1 a3
35. d6 a2 36. Kd2 a1=Q 37. d7 Ke7 0-1

[Event "Reykjavik Open 2024"]
[Site "Reykjavik ISL"]
[Date "2024.03.16"]
[Round "3.179"]
[White "Beatty, Samuel"]
[Black "Bokobza, Pierre"]
[Result "1-0"]
[WhiteElo "1731"]
[BlackElo "1431"]
[WhiteFideId "1344390"]
[BlackFideId "653030575"]
[EventDate "2024.03.15"]

1. d4 d5 2. c4 c6 3. Nf3 Nf6 4. Nc3 e6 5. Bg5 Nbd7 6. e3 Qa5 7. Bd3 dxc4 8. Bxc4
Ne4 9. Bf4 Nxc3 10. bxc3 Qxc3+ 11. Nd2 Qa5 12. O-O Be7 13. Nb3 Qd8 14. Qg4 O-O
15. Rad1 Nf6 16. Qf3 Re8 17. Bd3 Bd6 18. Bg5 Be7 19. Nc5 Qc7 20. Ne4 Nd5 21. Qh5
g6 22. Qh6 f5 23. Ng3 Bxg5 24. Qxg5 Qg7 25. e4 Nb4 26. Bc4 b5 27. Bb3 a5 28.
exf5 a4 29. Bxe6+ Bxe6 30. fxe6 Rxe6 31. Qd2 Nd5 32. Ne2 b4 33. Nf4 Nxf4 34.
Qxf4 Rae8 35. d5 cxd5 36. Qxb4 Re2 37. Qxa4 R8e5 38. a3 Ra2 39. Qb3 Ree2 40.
Qxd5+ Qf7 41. Qxf7+ Kxf7 42. Ra1 Rxa1 43. Rxa1 Ke6 44. Kf1 Rb2 45. a4 Kd6 46. a5
Kc6 47. a6 Rb8 48. a7 Ra8 49. Ke2 Kd5 50. Kf3 Ke5 51. Kg4 Kf6 52. Ra6+ Ke5 53.
Kg5 Ke4 54. f3+ Ke3 55. Kh6 Kf2 56. Ra2+ Kg1 57. g4 1-0

[Event "Reykjavik Open 2024"]
[Site "Reykjavik ISL"]
[Date "2024.03.16"]
[Round "3.181"]
[White "Asgeirsson, Adalsteinn Egill"]
[Black "Hildebrandt, Paul"]
[Result "0-1"]
[WhiteElo "1434"]
[BlackElo "1679"]
[WhiteFideId "2323940"]
[BlackFideId "34643702"]
[EventDate "2024.03.15"]

1. e4 c6 2. Nc3 d5 3. exd5 cxd5 4. d4 Nc6 5. Nf3 Bf5 6. Bb5 a6 7. Ba4 b5 8. Bb3
e6 9. Bf4 Bd6 10. Qd2 Nf6 11. O-O Ne4 12. Nxe4 Bxe4 13. Ne5 Nxe5 14. Bxe5 O-O
15. Qf4 Bxe5 16. dxe5 Qb6 17. Rfe1 Rac8 18. c3 a5 19. Re3 a4 20. Bd1 Qa5 21. Rg3
Rc4 22. Qf6 Bg6 23. h4 Qd8 24. h5 gxf6 0-1

[Event "Reykjavik Open 2024"]
[Site "Reykjavik ISL"]
[Date "2024.03.17"]
[Round "4.1"]
[White "Sanal, Vahap"]
[Black "Nevednichy, Vladislav"]
[Result "1/2-1/2"]
[WhiteTitle "GM"]
[BlackTitle "GM"]
[WhiteElo "2558"]
[BlackElo "2445"]
[WhiteFideId "6300545"]
[BlackFideId "1205730"]
[EventDate "2024.03.15"]

1. e4 c5 2. Nf3 e6 3. d4 cxd4 4. Nxd4 Nf6 5. Nc3 Nc6 6. Qd3 d5 7. exd5 Nb4 8.
Qg3 Bc5 9. a3 Nbxd5 10. Nxd5 Qxd5 11. Nb5 O-O 12. Nc3 Qd6 13. Bd3 Qxg3 14. hxg3
h6 15. f3 Nd5 16. Nxd5 exd5 17. g4 Re8+ 18. Kf1 Bd4 19. Rh5 Be6 20. g3 f6 21.
Rb1 Bf7 22. Rh2 Be3 23. Re2 Bb6 24. Bd2 Rxe2 25. Kxe2 Re8+ 26. Kf1 g5 27. Re1
Rxe1+ 28. Kxe1 Bd4 29. c3 Be5 30. Kf2 Kf8 31. Be3 b6 32. f4 Bb8 33. Be2 Ke7 34.
Bf3 Be6 35. Ke2 Bd6 36. b4 Bd7 37. Kd3 Bc7 38. Kd4 Kd6 39. Kd3 Bb5+ 40. Kd2 Ke6
41. f5+ Kd6 42. Bd4 Bd8 43. Bd1 Bc4 1/2-1/2

[Event "Reykjavik Open 2024"]
[Site "Reykjavik ISL"]
[Date "2024.03.17"]
[Round "4.3"]
[White "Seemann, Jakub"]
[Black "Lu, Maximillian"]
[Result "1-0"]
[WhiteTitle "IM"]
[BlackTitle "IM"]
[WhiteElo "2451"]
[BlackElo "2375"]
[WhiteFideId "21874697"]
[BlackFideId "2096242"]
[EventDate "2024.03.15"]

1. c4 Nf6 2. Nc3 e5 3. Nf3 Nc6 4. d3 d5 5. cxd5 Nxd5 6. e4 Nb6 7. Be2 Bg4 8. Be3
Bxf3 9. Bxf3 Be7 10. O-O O-O 11. Rc1 Nd4 12. Bg4 c5 13. a4 Rb8 14. Nb5 Nc6 15.
Qb3 a6 16. Na3 Na5 17. Qc2 Na8 18. Nc4 Nc6 19. a5 Re8 20. f4 exf4 21. Bxf4 Bg5
22. Bxb8 Bxc1 23. Bg3 Bg5 24. Qb3 Re7 25. Nd6 Nxa5 26. Qd5 Be3+ 27. Kh1 Nc7 28.
Qa2 c4 29. Qxa5 cxd3 30. Qc3 Nb5 31. Qxd3 Bc5 32. e5 1-0

[Event "Reykjavik Open 2024"]
[Site "Reykjavik ISL"]
[Date "2024.03.17"]
[Round "4.7"]
[White "Chasin, Nico"]
[Black "Ivanchuk, Vasyl"]
[Result "1/2-1/2"]
[WhiteTitle "IM"]
[BlackTitle "GM"]
[WhiteElo "2447"]
[BlackElo "2625"]
[WhiteFideId "30908477"]
[BlackFideId "14100010"]
[EventDate "2024.03.15"]

1. Nf3 d5 2. d4 Nf6 3. c4 c6 4. cxd5 cxd5 5. Nc3 Nc6 6. Bf4 Bf5 7. e3 e6 8. Qb3
Bb4 9. Bb5 Qe7 10. Ne5 Rc8 11. Nxc6 bxc6 12. Ba6 Rd8 13. a3 Bd6 14. Qa4 O-O 15.
Qxc6 Bxf4 16. exf4 Ne4 17. Nxe4 dxe4 18. O-O Rxd4 19. Rfd1 Rfd8 20. Rxd4 Rxd4
21. Qc3 Qd8 22. Be2 h5 23. Bxh5 Rd3 24. Qc5 1/2-1/2

[Event "Reykjavik Open 2024"]
[Site "Reykjavik ISL"]
[Date "2024.03.17"]
[Round "4.8"]
[White "Xu, Xiangyu"]
[Black "Jin, Yueheng"]
[Result "1/2-1/2"]
[WhiteTitle "GM"]
[WhiteElo "2623"]
[BlackElo "2404"]
[WhiteFideId "8608288"]
[BlackFideId "8616868"]
[EventDate "2024.03.15"]

1. d4 d5 2. c4 e6 3. Nc3 Nf6 4. Nf3 Be7 5. Bf4 O-O 6. e3 c5 7. dxc5 Bxc5 8. a3
Nc6 9. Qc2 Qa5 10. Rd1 Be7 11. Be2 Ne4 12. cxd5 Nxc3 13. Qxc3 Qxc3+ 14. bxc3
exd5 15. Rxd5 Bxa3 16. Kd2 b6 17. Ra1 Bc5 18. Nd4 Ne7 19. Rxc5 bxc5 20. Bf3 cxd4
21. Bxa8 dxc3+ 22. Kc1 Be6 23. Rxa7 Nd5 24. Be5 Rd8 25. Bd4 Nf4 26. Kc2 Ne2 27.
Bxc3 Rc8 28. Bb7 Rxc3+ 29. Kd2 g6 30. Kxe2 Rc2+ 31. Ke1 Kg7 32. Be4 Rb2 33. Bd3
h5 34. Rc7 Ra2 35. Rc1 Kf6 36. Bc2 Ke5 37. Kf1 Rb2 38. h3 Kf6 39. Kg1 Bd5 40.
Kh2 Bb3 41. Bxb3 Rxb3 42. Rc4 Rb2 43. Kg3 Ke6 44. f4 Rb5 45. Kh4 Rb2 46. g3 Rb3
47. e4 Kf6 48. Rc7 Re3 49. e5+ Kg7 50. Ra7 Re1 51. Re7 Kf8 52. Rd7 Kg7 53. Kg5
Re3 54. g4 hxg4 55. hxg4 Re1 56. Re7 Re2 57. Re8 Re4 58. f5 Rxe5 1/2-1/2

[Event "Reykjavik Open 2024"]
[Site "Reykjavik ISL"]
[Date "2024.03.17"]
[Round "4.9"]
[White "Haldorsen, Benjamin"]
[Black "Moussard, Jules"]
[Result "0-1"]
[WhiteTitle "IM"]
[BlackTitle "GM"]
[WhiteElo "2426"]
[BlackElo "2621"]
[WhiteFideId "1512633"]
[BlackFideId "642908"]
[EventDate "2024.03.15"]

1. e4 c5 2. Nf3 d6 3. Bb5+ Nd7 4. a4 Nf6 5. Nc3 a6 6. Be2 g6 7. a5 b5 8. axb6
Bb7 9. d3 Bg7 10. O-O Nxb6 11. Be3 O-O 12. h3 Qc7 13. Qd2 e5 14. Nh2 d5 15. exd5
Nfxd5 16. Nxd5 Nxd5 17. Bf3 Nxe3 18. Qxe3 c4 19. Ra2 cxd3 20. cxd3 Rfd8 21. Rfa1
Qd7 22. Bxb7 Qxb7 23. Nf3 Qb5 24. Ra5 Qxb2 25. Nxe5 Rac8 26. d4 Qxd4 27. Qxd4
Rxd4 28. Nf3 Rd3 29. R1a2 Rc1+ 30. Kh2 Bh6 31. Ng1 Rdd1 32. Ne2 Rh1+ 33. Kg3
Rcd1 34. Rxa6 Bf8 35. Rc6 Bd6+ 36. f4 Bb4 37. f5 Rd3+ 38. Kf4 Bd2+ 39. Kg4 Rh2
40. Ra8+ Kg7 41. f6+ Kh6 42. Nf4 Rd4 43. g3 Bxf4 44. gxf4 Rd3 0-1